Israeli/Arab conflict, and the Bible, (Record no. 5639)

MARC details
000 -LEADER
fixed length control field 00723cam a22002291 4500
001 - CONTROL NUMBER
control field 1228074
003 - CONTROL NUMBER IDENTIFIER
control field GBCCL
005 - DATE AND TIME OF LATEST TRANSACTION
control field 20241126110546.0
008 - FIXED-LENGTH DATA ELEMENTS--GENERAL INFORMATION
fixed length control field 731207s1967 cauabc b 000 0 eng
010 ## -
-- 67029634
040 ## - CATALOGING SOURCE
Original cataloging agency DLC
Transcribing agency DLC
Modifying agency DLC
050 00 -
-- BS647.2
-- .S6
082 00 - DEWEY DECIMAL CLASSIFICATION NUMBER
Classification number 220.15
Item number SMI
100 1# - MAIN ENTRY--PERSONAL NAME
Personal name Smith, Wilbur M.
Fuller form of name (Wilbur Moorehead),
Dates associated with a name 1894-1976.
9 (RLIN) 5069
245 10 - TITLE STATEMENT
Title Israeli/Arab conflict, and the Bible,
Statement of responsibility, etc. by Wilbur M. Smith.
260 ## - PUBLICATION, DISTRIBUTION, ETC.
Place of publication, distribution, etc. Glendale, Calif.,
Name of publisher, distributor, etc. Regal Books
Date of publication, distribution, etc. [1967]
300 ## - PHYSICAL DESCRIPTION
Extent 162 p.
Other physical details illus., maps, ports.
Dimensions 18 cm.
504 ## - BIBLIOGRAPHY, ETC. NOTE
Bibliography, etc. note "Notes and bibliographies": p. [143]-162.
630 00 - SUBJECT ADDED ENTRY--UNIFORM TITLE
Uniform title Bible
General subdivision Prophecies.
9 (RLIN) 457
906 ## - LOCAL DATA ELEMENT F, LDF (RLIN)
a 7
b cbc
c orignew
d u
e ocip
f 19
g y-gencatlg
942 ## - ADDED ENTRY ELEMENTS (KOHA)
Source of classification or shelving scheme Dewey Decimal Classification
Koha item type Books
Holdings
Withdrawn status Lost status Source of classification or shelving scheme Damaged status Not for loan Home library Current Library Shelving location Date acquired Total checkouts Full call number Barcode Date last seen Copy number Price effective from Koha item type
    Dewey Decimal Classification     GRACE BIBLE COLLEGE GRACE BIBLE COLLEGE Biblical Studies 2018-04-03   220.15 SMI 000487 2025-05-01 c.1 2018-04-03 Books
    Dewey Decimal Classification     GRACE BIBLE COLLEGE GRACE BIBLE COLLEGE Biblical Studies 2019-07-08   220.15 SMI 004280 2025-05-01 c.2 2019-07-08 Books
© Grace Bible College Library 2025